ბათუმის შოთა რუსთაველის სახელმწიფო უნივერსიტეტის ბიბლიოთეკა

ადამიანის უფლებები-უპირველეს ყოვლისა. (ბიბ.ჩანაწერი № 45537)

000 -LEADER
fixed length control field 00778nam a2200217Ia 4500
001 - CONTROL NUMBER
control field 12362
003 - CONTROL NUMBER IDENTIFIER
control field GE_BSU
008 - FIXED-LENGTH DATA ELEMENTS--GENERAL INFORMATION
fixed length control field 181216s||||||||xx |||||||||||||| ||und||
040 ## - CATALOGING SOURCE
Transcribing agency GE_BSU
080 ## - UNIVERSAL DECIMAL CLASSIFICATION NUMBER
Universal Decimal Classification number 341.231.14+342.7
100 ## - MAIN ENTRY--PERSONAL NAME
Personal name კომახიძე,ამირან.
245 ## - TITLE STATEMENT
Title ადამიანის უფლებები-უპირველეს ყოვლისა.
245 ## - TITLE STATEMENT
Statement of responsibility, etc. რედ:ბადრი ნაკაშიძე.
260 ## - PUBLICATION, DISTRIBUTION, ETC.
Place of publication, distribution, etc. ბათუმი.
260 ## - PUBLICATION, DISTRIBUTION, ETC.
Name of publisher, distributor, etc. ალიონი.
260 ## - PUBLICATION, DISTRIBUTION, ETC.
Date of publication, distribution, etc. 1997
300 ## - PHYSICAL DESCRIPTION
Extent 143გვ;20სმ.
300 ## - PHYSICAL DESCRIPTION
Other physical details ფოტოილუსტრაცია.
653 ## - INDEX TERM--UNCONTROLLED
Uncontrolled term ადამიანის უფლებები-უპირველეს ყოვლისა.
942 ## - ADDED ENTRY ELEMENTS (KOHA)
Koha item type წიგნი
ეგზემპლარები
Withdrawn status Lost status Damaged status Not for loan Date acquired Barcode Date last seen Price effective from Koha item type
        2018-12-17 20640 2018-12-17 2018-12-17 წიგნი
        2018-12-17 20663 2018-12-17 2018-12-17 წიგნი